000 01850nam0a2200349 4500
001 RU\NLR\BIBL_A\012639544
005 20230726100348.0
010 _a978-5-907407-21-3
_9250
021 _aRU
_bКН-П-21-045259
_9КН-П-21-3569
035 _a(NLR Aleph) 012639544
090 _a12691293
_c12691293
100 _a20211110d2021 k y0rusy50 ca
101 0 _arus
102 _aRU
105 _aa z 000zy
181 0 _ai3
_baxxe
182 0 _an
200 1 _aСостояние и перспективы социально-экономического развития региона
_eмонография
_fСергей Александрович Беляев, Ольга Владимировна Власова, Марина Николаевна Наджафова [и др.]
203 _aТекст
_bвизуальный
_cнепосредственный
210 _aКурск
_cИП Бескровный Александр Васильевич
_d2021
215 _a170, [1]с.
_cил., табл.
_d21
320 _aБиблиогр.: с. 142-168 (263 назв.)
607 _aРегионы Российской Федерации
_xСоциально-экономическое развитие
_92259176
_3RU\NLR\AUTH\6601584603
686 1 _aУ04(2Р)9
686 1 _aУ03(2Р)74
701 1 _7ca
_8rus
_aБеляев
_bС. А.
_cканд. ист. наук, экономист-менеджер
_gСергей Александрович
_9191452
_3RU\NLR\AUTH\770191503
701 1 _7ca
_8rus
_aВласова
_bО. В.
_cканд. экон. наук
_gОльга Владимировна
_989719
_3RU\NLR\AUTH\77106794
701 1 _aНаджафова
_bМ. Н.
_gМарина Николаевна
942 _cBOOK
980 _aNB